[Event "Mercredi 2025.05.07 ABCD"]
[Site "Montreal CAN"]
[Date "2025.05.21"]
[Round "3"]
[White "Templonueva, Mark Geryl"]
[Black "Di Matteo, Alessio"]
[Result "0-1"]
[WhiteElo "1876"]
[BlackElo "1880"]
[WhiteFideId "-1"]
[WhiteFideId "-1"]
[PlyCount "86"]
[GameId "2185064695933852"]
[EventDate "2025.05.07"]
[EventType "tourn"]
[EventRounds "5"]
[EventCountry "CAN"]

1. e4 c5 2. d4 cxd4 3. Qxd4 Nc6 4. Qd3 e6 5. Nc3 a6 6. Qg3 b5 7. Bg5 f6 8. Bd2 Bb7 9. Nf3 Nge7 10. O-O-O Ng6 11. Kb1 Qb8 12. Qg4 Nce5 13. Nxe5 Nxe5 14. Qh5+ Nf7 15. f3 Qe5 16. Qh4 Be7 17. f4 Qc5 18. Qg3 O-O 19. Be3 Qc7 20. Bd3 Bc5 21. h4 Bxe3 22. Qxe3 Rac8 23. g4 b4 24. Ne2 d5 25. exd5 exd5 26. Rhg1 Rfe8 27. Qd2 a5 28. g5 fxg5 29. hxg5 Nd6 30. Nd4 Ne4 31. Qh2 g6 32. Bb5 Re7 33. Be2 a4 34. Bg4 Rce8 35. Rd3 Ba6 36. Rh3 a3 37. Rh1 Bc8 38. Bxc8 Rxc8 39. Rh6 Rg7 40. Ne6 Nc3+ 41. Ka1 axb2+ 42. Kxb2 Qa7 43. Nxg7 Qa3+ 0-1

[Event "Mercredi 2025.05.07 ABCD"]
[Site "Montreal CAN"]
[Date "2025.06.03"]
[Round "3"]
[White "Pomerantz, Daniel"]
[Black "Jacquet, Stephane"]
[Result "1/2-1/2"]
[WhiteElo "2116"]
[BlackElo "2071"]
[WhiteFideId "-1"]
[WhiteFideId "-1"]
[PlyCount "82"]
[GameId "2186575367434258"]
[EventDate "2025.05.07"]
[EventType "tourn"]
[EventRounds "5"]
[EventCountry "CAN"]

1. e4 c5 2. Nf3 g6 3. c4 Nc6 4. d4 cxd4 5. Nxd4 Bg7 6. Be3 Nf6 7. Nc3 d6 8. Be2 O-O 9. O-O Bd7 10. h3 a6 11. Nf3 Qa5 12. Bd2 Rfc8 13. Qc2 Qd8 14. Rad1 Na5 15. e5 Ne8 16. Nd5 Nxc4 17. Bxc4 b5 18. Be3 Rxc4 19. Qd2 Bc6 20. b3 Bxd5 21. Qxd5 e6 22. Qd2 Rc6 23. Bh6 d5 24. Qf4 Qe7 25. Nh2 Qf8 26. Ng4 Rac8 27. Rd3 Rc3 28. Rfd1 b4 29. h4 R8c7 30. Bxg7 Qxg7 31. Qxb4 Rxd3 32. Rxd3 Rc1+ 33. Kh2 h5 34. Qf4 hxg4 35. Qxc1 Qxe5+ 36. Kg1 Nf6 37. Rc3 Ne4 38. Rc8+ Kg7 39. Qe3 Qa1+ 40. Kh2 Qb2 41. Kg1 Qa1+ 1/2-1/2

[Event "Mercredi 2025.05.07 ABCD"]
[Site "Montreal CAN"]
[Date "2025.05.28"]
[Round "4"]
[White "Batorshyn, Ilia"]
[Black "Pomerantz, Daniel"]
[Result "1-0"]
[WhiteElo "2332"]
[BlackElo "2116"]
[WhiteFideId "-1"]
[WhiteFideId "-1"]
[PlyCount "127"]
[GameId "2185064695933832"]
[EventDate "2025.05.07"]
[EventType "tourn"]
[EventRounds "5"]
[EventCountry "CAN"]

1. e4 e5 2. Nf3 Nc6 3. Nc3 Nf6 4. h3 Bc5 5. Nxe5 Nxe5 6. d4 Bd6 7. dxe5 Bxe5 8. Bd3 O-O 9. O-O c6 10. f4 Bxc3 11. bxc3 d6 12. e5 dxe5 13. fxe5 Nd5 14. Qh5 g6 15. Qh6 f5 16. exf6 Rxf6 17. Bg5 Qf8 18. Rxf6 Qxh6 19. Bxh6 Nxf6 20. Rf1 Bf5 21. Bxf5 gxf5 22. Rxf5 Nd5 23. Rg5+ Kf7 24. Rg7+ Kf6 25. Rxb7 Kg6 26. Bd2 Re8 27. Kf2 Rf8+ 28. Ke2 Re8+ 29. Kd1 Rd8 30. Kc1 Rf8 31. Rxa7 Rf1+ 32. Kb2 Rf2 33. c4 Rxd2 34. cxd5 cxd5 35. Rd7 Rxg2 36. Rxd5 Kf6 37. a4 Ke6 38. Rh5 Rg7 39. c4 Kd6 40. Kc3 Kc6 41. Kb4 Rb7+ 42. Rb5 Rg7 43. a5 Rg1 44. Rb6+ Kc7 45. Rh6 Rg7 46. a6 Kb8 47. Rb6+ Ka8 48. Rh6 Kb8 49. Kb5 Rf7 50. c5 Ka7 51. Rd6 Rg7 52. Rd5 Rg1 53. Rd7+ Ka8 54. Rxh7 Rb1+ 55. Kc6 Ra1 56. Kc7 Rxa6 57. Rh8+ Ka7 58. c6 Ra3 59. Rh5 Ka6 60. Kc8 Kb6 61. c7 Ka7 62. Kd7 Rd3+ 63. Kc6 Rc3+ 64. Rc5 1-0

[Event "Mercredi 2025.05.07 ABCD"]
[Site "Montreal CAN"]
[Date "2025.05.28"]
[Round "4"]
[White "Beaulieu, Pierre"]
[Black "Bain-Thouverez, Aurelien"]
[Result "1-0"]
[WhiteElo "1699"]
[BlackElo "1757"]
[WhiteFideId "-1"]
[WhiteFideId "-1"]
[PlyCount "113"]
[GameId "2185064696003497"]
[EventDate "2025.05.07"]
[EventType "tourn"]
[EventRounds "5"]
[EventCountry "CAN"]

1. b3 d5 2. Bb2 Bf5 3. d3 e6 4. g3 Nf6 5. Bg2 Be7 6. Nf3 Nbd7 7. c4 O-O 8. Nbd2 h6 9. Rc1 c6 10. O-O Qa5 11. a3 Rfe8 12. e4 dxe4 13. dxe4 Bg6 14. e5 Nh7 15. Re1 Red8 16. b4 Qc7 17. Qb3 c5 18. Ne4 Bxe4 19. Rxe4 Ng5 20. Nxg5 Bxg5 21. f4 Be7 22. b5 Nf8 23. Bc3 Rd7 24. a4 Rad8 25. a5 b6 26. axb6 axb6 27. Ra1 Ng6 28. Ree1 h5 29. Bc6 Rd3 30. Be4 R3d7 31. Qc2 Nf8 32. Re3 g6 33. Bc6 Rd4 34. Bxd4 cxd4 35. Rd3 f6 36. exf6 Bxf6 37. Qe2 Be7 38. Qe4 Bc5 39. Kg2 Qe7 40. h3 Qf7 41. Qe2 Nh7 42. Qa2 Nf6 43. Qa7 Kf8 44. Qxf7+ Kxf7 45. Kf3 h4 46. g4 g5 47. fxg5 Nh7 48. g6+ Kxg6 49. Rb1 Ng5+ 50. Kg2 e5 51. Re1 Ne6 52. Rf1 Nf4+ 53. Rxf4 exf4 54. Kf3 Bd6 55. Rxd4 Kf7 56. g5 Rg8 57. Be4 {illisible} 1-0

[Event "Mercredi 2025.05.07 ABCD"]
[Site "Montreal CAN"]
[Date "2025.05.28"]
[Round "4"]
[White "Boudreau, Daniel"]
[Black "Templonueva, Mark Geryl"]
[Result "0-1"]
[WhiteElo "1890"]
[BlackElo "1876"]
[WhiteFideId "-1"]
[WhiteFideId "-1"]
[PlyCount "76"]
[GameId "2185064695933855"]
[EventDate "2025.05.07"]
[EventType "tourn"]
[EventRounds "5"]
[EventCountry "CAN"]

1. f4 e5 2. fxe5 d6 3. exd6 Bxd6 4. Nf3 g5 5. g3 g4 6. Nh4 Be7 7. Ng2 h5 8. d3 h4 9. Bf4 h3 10. Ne3 Nc6 11. Nc3 Rh5 12. Qd2 Nd4 13. O-O-O b5 14. Nb1 Rc5 15. c3 a5 16. Nc2 Nxc2 17. Kxc2 Qd5 18. e4 Qxa2 19. d4 Rh5 20. Bd3 Bd7 21. Kc1 a4 22. Qc2 c5 23. d5 c4 24. Be2 Bc5 25. Rhe1 Ne7 26. Bf1 O-O-O 27. Be3 Bd6 28. Qf2 a3 29. bxa3 Bxa3+ 30. Nxa3 Qxa3+ 31. Qb2 Qxb2+ 32. Kxb2 Kb7 33. Ra1 Nc8 34. Bd4 Re8 35. Re3 Rh6 36. Be2 Ra6 37. Rf1 Nd6 38. Rf4 Rea8 0-1

[Event "Mercredi 2025.05.07 ABCD"]
[Site "Montreal CAN"]
[Date "2025.05.28"]
[Round "4"]
[White "Cote, Etienne"]
[Black "Qi, Jason"]
[Result "1-0"]
[WhiteElo "1700"]
[BlackElo "1698"]
[WhiteFideId "-1"]
[WhiteFideId "-1"]
[PlyCount "107"]
[GameId "2185064696003499"]
[EventDate "2025.05.07"]
[EventType "tourn"]
[EventRounds "5"]
[EventCountry "CAN"]

1. e4 c5 2. Nf3 e6 3. d4 cxd4 4. Nxd4 Nc6 5. Nc3 Qc7 6. Be3 a6 7. Qd2 Nf6 8. O-O-O b5 9. f3 Bb7 10. g4 b4 11. Na4 Nxd4 12. Bxd4 e5 13. g5 Nxe4 14. fxe4 exd4 15. Qxd4 Qf4+ 16. Kb1 d6 17. Nc5 Bc6 18. Nxa6 Qxe4 19. Nc7+ Kd7 20. Qxe4 Bxe4 21. Nxa8 Bxh1 22. Bh3+ Kc6 23. Rxh1 d5 24. Rf1 Bd6 25. Rxf7 Rxa8 26. Rxg7 Bxh2 27. Rxh7 Be5 28. Bf5 Rf8 29. Bd3 Rf2 30. g6 Rg2 31. Rh1 Kd6 32. a4 b3 33. Rd1 Kc5 34. a5 Bd4 35. Rc1 Be3 36. Re1 Bd2 37. Rf1 Bxa5 38. cxb3 Bc7 39. Rc1+ Kb6 40. Rc2 Rxc2 41. Kxc2 Be5 42. b4 Kc6 43. b5+ Kc5 44. b4+ Kb6 45. Kd2 Kc7 46. Ke3 Kd7 47. Kf3 Ke7 48. Kg4 Kf6 49. b6 Bh2 50. Kh5 Kg7 51. Kg5 Bd6 52. b7 Bb8 53. Kf5 d4 54. Ke6 1-0

[Event "Mercredi 2025.05.07 ABCD"]
[Site "Montreal CAN"]
[Date "2025.05.28"]
[Round "4"]
[White "Di Matteo, Alessio"]
[Black "Barko, Maxim"]
[Result "1-0"]
[WhiteElo "1880"]
[BlackElo "1929"]
[WhiteFideId "-1"]
[WhiteFideId "-1"]
[PlyCount "101"]
[GameId "2185064695933854"]
[EventDate "2025.05.07"]
[EventType "tourn"]
[EventRounds "5"]
[EventCountry "CAN"]

1. d4 Nf6 2. c4 e6 3. Nc3 d5 4. cxd5 exd5 5. Bg5 Bb4 6. a3 Bxc3+ 7. bxc3 h6 8. Bxf6 Qxf6 9. e3 O-O 10. Bd3 c5 11. Nf3 Nc6 12. O-O c4 13. Bc2 Bf5 14. Nd2 Rfe8 15. Re1 Qg6 16. Bxf5 Qxf5 17. Qb1 Qd7 18. e4 Rab8 19. Qb5 dxe4 20. Nxe4 Ne5 21. Qxd7 Nxd7 22. Nd6 Rxe1+ 23. Rxe1 b5 24. Re7 Nf6 25. Rxa7 Nd5 26. Nxf7 Nxc3 27. Kf1 Nd5 28. Nd6 Kh7 29. Nf5 Kg6 30. Ne3 Nf4 31. g3 Ne6 32. Ra6 Kf7 33. Ra7+ Kf8 34. Rd7 Ra8 35. Nc2 Ke8 36. Rb7 Rd8 37. Rxb5 Nxd4 38. Nxd4 Rxd4 39. Rb7 Kf8 40. Ke2 Rd3 41. a4 Ra3 42. Rb4 Ra2+ 43. Ke3 c3 44. Kd3 Rxf2 45. Rf4+ Rxf4 46. gxf4 Ke7 47. Kxc3 g5 48. fxg5 hxg5 49. Kd4 Kd6 50. Ke4 Ke6 51. h3 1-0

[Event "Mercredi 2025.05.07 ABCD"]
[Site "Montreal CAN"]
[Date "2025.05.28"]
[Round "4"]
[White "Genzling, Jerome"]
[Black "Jacquet, Stephane"]
[Result "1-0"]
[WhiteElo "2140"]
[BlackElo "2071"]
[WhiteFideId "-1"]
[WhiteFideId "-1"]
[PlyCount "155"]
[GameId "2185064695933830"]
[EventDate "2025.05.07"]
[EventType "tourn"]
[EventRounds "5"]
[EventCountry "CAN"]

1. e4 e6 2. d4 d5 3. e5 c5 4. c3 Ne7 5. Nf3 Nec6 6. a3 a5 7. Bd3 b6 8. Bg5 Be7 9. Bxe7 Qxe7 10. Nbd2 Ba6 11. Nf1 Bxd3 12. Qxd3 Nd7 13. Ng3 O-O 14. O-O Rab8 15. h4 h6 16. h5 b5 17. Nd2 Qh4 18. Rac1 c4 19. Qe3 b4 20. axb4 axb4 21. f4 bxc3 22. bxc3 Rb2 23. Rf2 Rfb8 24. Rcf1 Nf8 25. f5 Qg5 26. Qxg5 hxg5 27. Nf3 Rxf2 28. Rxf2 Rb3 29. fxe6 Nxe6 30. Ne2 g4 31. Nd2 g3 32. Rf1 Rb2 33. Rd1 Rc2 34. Kf1 Ne7 35. Ke1 Nf5 36. Nf1 Nh4 37. Ne3 Rb2 38. Rd2 Rb1+ 39. Rd1 Rb2 40. Kf1 Rb5 41. Nxg3 Nf4 42. Ne2 Nd3 43. Nc1 Nb2 44. Rd2 Na4 45. Rc2 g6 46. g3 Nf5 47. Nxf5 gxf5 48. Kf2 Kg7 49. Kf3 Rb3 50. Ne2 Nb2 51. Kf4 Nd1 52. Rc1 Rb2 53. Rxd1 Rxe2 54. Kxf5 Re3 55. Rc1 Rxg3 56. e6 fxe6+ 57. Kxe6 Rg5 58. Rh1 Rg3 59. h6+ Kh7 60. Kxd5 Rxc3 61. Kc5 Rc2 62. Kb4 Kg8 63. h7+ Kh8 64. Kb5 Rc3 65. Kc5 Rc2 66. Kb4 c3 67. Kb3 Rf2 68. Kxc3 Rf8 69. d5 Rd8 70. Kd4 Rd7 71. Kc5 Rd8 72. d6 Rc8+ 73. Kb6 Rc2 74. Rd1 Rb2+ 75. Kc7 Rc2+ 76. Kd8 Kxh7 77. d7 Kg7 78. Ke7 1-0

[Event "Mercredi 2025.05.07 ABCD"]
[Site "Montreal CAN"]
[Date "2025.05.28"]
[Round "4"]
[White "Guillemette, Hugo"]
[Black "Chapdelaine, Gwyn"]
[Result "1/2-1/2"]
[WhiteElo "2262"]
[BlackElo "2118"]
[WhiteFideId "-1"]
[WhiteFideId "-1"]
[PlyCount "134"]
[GameId "2185064695933831"]
[EventDate "2025.05.07"]
[EventType "tourn"]
[EventRounds "5"]
[EventCountry "CAN"]

1. e4 c6 2. d4 d5 3. Nd2 dxe4 4. Nxe4 Nf6 5. Nxf6+ exf6 6. c3 Bd6 7. Bd3 O-O 8. Qc2 Re8+ 9. Ne2 h5 10. O-O Qc7 11. h3 Nd7 12. Re1 b6 13. Be3 c5 14. Nf4 Bb7 15. Nxh5 Qc6 16. f3 cxd4 17. Bxd4 Qd5 18. Be4 Qxh5 19. Bxb7 Rad8 20. Bc6 Rxe1+ 21. Rxe1 Ne5 22. Be4 Qh4 23. Bf2 Qf4 24. Qc1 Qxc1 25. Rxc1 Nc4 26. b3 Bf4 27. Re1 Na3 28. c4 Rd2 29. Bd5 g6 30. Re8+ Kg7 31. g3 Bd6 32. Rd8 Bc5 33. Bxc5 bxc5 34. Rd7 Nc2 35. Rxf7+ Kh6 36. f4 Rd1+ 37. Kf2 Rd2+ 38. Kf1 f5 39. Rxa7 Ne3+ 40. Kg1 Nxd5 41. cxd5 Rxd5 42. Re7 Rd2 43. Re5 Rxa2 44. Rxc5 Rb2 45. Rc3 g5 46. fxg5+ Kxg5 47. Rf3 Rb1+ 48. Kf2 Rb2+ 49. Ke1 Rh2 50. b4 Rxh3 51. Rb3 Kg4 52. b5 f4 53. Rb4 Rxg3 54. b6 Re3+ 55. Kf2 Re8 56. b7 Rb8 57. Rb5 f3 58. Ke3 Re8+ 59. Kf2 Rb8 60. Ke3 Re8+ 61. Kf2 Rb8 62. Rb4+ Kf5 63. Kxf3 Ke5 64. Ke3 Kd5 65. Kd3 Kc6 66. Kc4 Rxb7 67. Rxb7 Kxb7 1/2-1/2

[Event "Mercredi 2025.05.07 ABCD"]
[Site "Montreal CAN"]
[Date "2025.05.28"]
[Round "4"]
[White "Hartner, Rian"]
[Black "Navarro, Pavel"]
[Result "0-1"]
[WhiteElo "1893"]
[BlackElo "1888"]
[WhiteFideId "-1"]
[WhiteFideId "-1"]
[PlyCount "110"]
[GameId "2185064695933853"]
[EventDate "2025.05.07"]
[EventType "tourn"]
[EventRounds "5"]
[EventCountry "CAN"]

1. e4 c5 2. Nf3 d6 3. d4 cxd4 4. Nxd4 Nf6 5. Nc3 Nc6 6. Bg5 e6 7. Qd2 Bd7 8. O-O-O a6 9. f4 h6 10. Bh4 g5 11. fxg5 Ng4 12. Kb1 Be7 13. Be2 hxg5 14. Bg3 Nge5 15. Rhf1 Qa5 16. a3 f6 17. h3 Nxd4 18. Qxd4 Rc8 19. Be1 Qc5 20. Qd2 b5 21. Bf2 Qc7 22. Bd4 Rb8 23. Rde1 a5 24. Nd1 Bc6 25. Ne3 Bxe4 26. Ng4 f5 27. Nxe5 dxe5 28. Be3 b4 29. a4 b3 30. Bd3 bxc2+ 31. Qxc2 Qxc2+ 32. Bxc2 Bxc2+ 33. Kxc2 Bf6 34. Bd2 e4 35. b3 Kf7 36. g4 Kg6 37. Re3 Rhc8+ 38. Kd1 Rd8 39. Ke2 Rd5 40. Rc1 Rbd8 41. Rc2 Be5 42. Be1 Bd4 43. gxf5+ exf5 44. Rc6+ R8d6 45. Rxd6+ Rxd6 46. Rg3 f4 47. Rg4 Kf5 48. Bxa5 f3+ 49. Ke1 Rh6 50. Rg3 Be5 51. Rg1 e3 52. Rf1 Ke4 53. Bb4 Bg3+ 54. Kd1 e2+ 55. Kc2 exf1=Q 0-1

[Event "Mercredi 2025.05.07 ABCD"]
[Site "Montreal CAN"]
[Date "2025.05.28"]
[Round "4"]
[White "Lima-Barbosa, Raphael"]
[Black "Ramesan, Raunak"]
[Result "0-1"]
[WhiteElo "1985"]
[BlackElo "1992"]
[WhiteFideId "-1"]
[WhiteFideId "-1"]
[PlyCount "104"]
[GameId "2185064695933841"]
[EventDate "2025.05.07"]
[EventType "tourn"]
[EventRounds "5"]
[EventCountry "CAN"]

1. e4 c5 2. Nf3 d6 3. d4 cxd4 4. Nxd4 Nf6 5. Nc3 Nc6 6. Bg5 e6 7. Qd2 a6 8. O-O-O Bd7 9. f4 Be7 10. Be2 b5 11. Bf3 Rc8 12. Nxc6 Bxc6 13. Rhe1 b4 14. Bxf6 Bxf6 15. Nd5 Bxd5 16. exd5 e5 17. g4 h6 18. Kb1 O-O 19. fxe5 Bxe5 20. Rxe5 dxe5 21. d6 Rc4 22. Qd5 Rd4 23. Rxd4 exd4 24. Qxd4 Qf6 25. Qxf6 gxf6 26. d7 Rd8 27. Bc6 Kf8 28. c4 bxc3 29. bxc3 Ke7 30. Kc2 h5 31. gxh5 Rh8 32. Kb3 Rxh5 33. Kb4 Rxh2 34. a4 Rh5 35. c4 a5+ 36. Kc3 Rc5 37. Bb5 Rc7 38. Kd4 Rxd7+ 39. Kc5 Rd6 40. Bc6 f5 41. Bb7 Rd8 42. Kb6 Rd4 43. Kb5 Kd7 44. c5 Rb4+ 45. Ka6 Kc7 46. Bd5 Rxa4 47. Bxf7 Ra1 48. Kb5 a4 49. Bd5 a3 50. Kb4 a2 51. Ka3 Rd1 52. Bxa2 Ra1 0-1

[Event "Mercredi 2025.05.07 ABCD"]
[Site "Montreal CAN"]
[Date "2025.05.28"]
[Round "4"]
[White "Nassif, Aba"]
[Black "Ghnatios, Ralph"]
[Result "1-0"]
[WhiteElo "2049"]
[BlackElo "1953"]
[WhiteFideId "-1"]
[WhiteFideId "-1"]
[PlyCount "85"]
[GameId "2185064695933842"]
[EventDate "2025.05.07"]
[EventType "tourn"]
[EventRounds "5"]
[EventCountry "CAN"]

1. e4 c5 2. a3 g6 3. h4 Nc6 4. Bc4 Nf6 5. d3 Bg7 6. Nc3 d6 7. Nh3 O-O 8. f3 e6 9. Ba2 d5 10. O-O dxe4 11. fxe4 h5 12. Ne2 Ng4 13. Bg5 Qb6 14. c3 Qxb2 15. Bb3 Na5 16. Rb1 Qxa3 17. Bc1 Ne3 18. Qe1 Nc2 19. Qg3 Qxb3 20. Rxb3 Nxb3 21. Bf4 Bd7 22. Bd6 Rfd8 23. Nhf4 Be8 24. e5 c4 25. Nc1 b5 26. Qf2 Nca1 27. Na2 a5 28. dxc4 bxc4 29. Nh3 a4 30. Ng5 Rd7 31. Ne4 Ra5 32. Qb6 Ra8 33. Qc6 Rda7 34. Qxc4 Nc2 35. Qe2 Nba1 36. Nf6+ Kh8 37. g4 Bxf6 38. exf6 Ra5 39. Qd2 Kh7 40. Bf8 g5 41. hxg5 Bb5 42. g6+ Kg8 43. Qh6 1-0

[Event "Mercredi 2025.05.07 ABCD"]
[Site "Montreal CAN"]
[Date "2025.05.28"]
[Round "4"]
[White "Singher, Jean-Pierre"]
[Black "Ali, Nehad"]
[Result "1-0"]
[WhiteElo "2021"]
[BlackElo "1958"]
[WhiteFideId "-1"]
[WhiteFideId "-1"]
[PlyCount "91"]
[GameId "2185064695933843"]
[EventDate "2025.05.07"]
[EventType "tourn"]
[EventRounds "5"]
[EventCountry "CAN"]

1. Nf3 d5 2. g3 Nf6 3. Bg2 e6 4. d4 Nbd7 5. O-O b6 6. c4 Bb7 7. Nc3 a6 8. cxd5 exd5 9. Nh4 Be7 10. Nf5 O-O 11. Bf4 Rc8 12. Qb3 c6 13. Rfe1 Re8 14. Bd6 Bf8 15. Rad1 b5 16. e4 dxe4 17. Qa3 g6 18. Bxf8 gxf5 19. Bh6 Qe7 20. Qxe7 Rxe7 21. Bh3 b4 22. Na4 Ng4 23. Bf4 Re6 24. Rc1 c5 25. dxc5 Nde5 26. Bxe5 Rxe5 27. Bxg4 fxg4 28. Rcd1 Bc6 29. Nb6 Rce8 30. Rd4 a5 31. Rc1 R8e6 32. Nc8 h5 33. Na7 Rf6 34. Rd6 Rxd6 35. cxd6 Be8 36. Rc8 Kg7 37. Rxe8 Rxe8 38. Nc6 e3 39. fxe3 Rxe3 40. d7 Rd3 41. d8=Q Rxd8 42. Nxd8 a4 43. Kf2 b3 44. a3 Kf6 45. Ke3 Ke7 46. Nb7 1-0

[Event "Mercredi 2025.05.07 ABCD"]
[Site "Montreal CAN"]
[Date "2025.06.04"]
[Round "4"]
[White "Singher, Jean-Pierre"]
[Black "Ramesan, Raunak"]
[Result "0-1"]
[WhiteElo "2021"]
[BlackElo "1992"]
[WhiteFideId "-1"]
[WhiteFideId "-1"]
[PlyCount "74"]
[GameId "2186575367503908"]
[EventDate "2025.05.07"]
[EventType "tourn"]
[EventRounds "5"]
[EventCountry "CAN"]

1. Nf3 d5 2. g3 c6 3. Bg2 Bg4 4. d4 Nf6 5. Ne5 Bf5 6. c4 e6 7. Nc3 Be7 8. Qb3 Qb6 9. Bd2 Nbd7 10. Nxd7 Nxd7 11. e4 dxe4 12. Be3 Qxb3 13. axb3 Nf6 14. h3 h6 15. Ke2 a6 16. Na4 Bd6 17. Rhd1 Ke7 18. Bd2 Nd7 19. Nc3 Nf6 20. Na4 Rhe8 21. b4 Nd7 22. Bc3 b5 23. Nc5 Bxc5 24. dxc5 bxc4 25. Rd6 Rec8 26. Rad1 Ra7 27. Ke3 Nf6 28. Bxf6+ Kxf6 29. R1d4 a5 30. Rxc4 axb4 31. Rxb4 Ra5 32. Rc4 Rb8 33. g4 Bh7 34. Rxc6 Rxb2 35. Bxe4 Ra3+ 36. Kd4 Rd2+ 37. Bd3 Raxd3# 0-1

[Event "Mercredi 2025.05.07 ABCD"]
[Site "Montreal CAN"]
[Date "2025.06.03"]
[Round "5"]
[White "Chapdelaine, Gwyn"]
[Black "Genzling, Jerome"]
[Result "1/2-1/2"]
[WhiteElo "2118"]
[BlackElo "2140"]
[WhiteFideId "-1"]
[WhiteFideId "-1"]
[PlyCount "127"]
[GameId "2186575367434262"]
[EventDate "2025.05.07"]
[EventType "tourn"]
[EventRounds "5"]
[EventCountry "CAN"]

1. e4 c5 2. Nc3 Nc6 3. Bb5 Nd4 4. Nf3 e6 5. Nxd4 cxd4 6. Ne2 a6 7. Bd3 Bc5 8. O-O Ne7 9. c3 dxc3 10. bxc3 d5 11. Bc2 dxe4 12. Bxe4 O-O 13. d4 Bd6 14. f4 Rb8 15. a4 b5 16. axb5 axb5 17. Qc2 h6 18. Ba3 Bb7 19. Rfb1 Bxe4 20. Qxe4 Nd5 21. Bxd6 Qxd6 22. Qe5 Qxe5 23. dxe5 Rfc8 24. Rb3 Rc4 25. g3 g5 26. fxg5 hxg5 27. Rab1 Rbc8 28. Rxb5 Nxc3 29. Nxc3 Rxc3 30. Rf1 R3c5 31. Rb7 R8c7 32. Rxc7 Rxc7 33. Kg2 Rc5 34. Re1 Kg7 35. g4 Rc2+ 36. Kg3 Rc3+ 37. Kg2 Kf8 38. Kf2 Ke7 39. Re3 Rc4 40. Kg3 Rc1 41. Kf3 Kd7 42. Kg3 Rg1+ 43. Kf3 Kc6 44. h3 Kd5 45. Kf2 Ra1 46. Kg3 Rg1+ 47. Kf2 Rc1 48. Rf3 Rc7 49. Re3 Kd4 50. Re2 Rc5 51. Kg3 Rxe5 52. Rd2+ Ke3 53. Rd7 f5 54. gxf5 exf5 55. Rg7 f4+ 56. Kg4 Kf2 57. Rf7 Kg2 58. h4 gxh4 59. Kxf4 Rh5 60. Rc7 h3 61. Rc2+ Kf1 62. Kf3 Ke1 63. Rc1+ Kd2 64. Rh1 1/2-1/2

[Event "Mercredi 2025.05.07 ABCD"]
[Site "Montreal CAN"]
[Date "2025.06.04"]
[Round "5"]
[White "Ali, Nehad"]
[Black "Lima-Barbosa, Raphael"]
[Result "0-1"]
[WhiteElo "1959"]
[BlackElo "1985"]
[WhiteFideId "-1"]
[WhiteFideId "-1"]
[PlyCount "106"]
[GameId "2186575367503910"]
[EventDate "2025.05.07"]
[EventType "tourn"]
[EventRounds "5"]
[EventCountry "CAN"]

1. c4 e5 2. Nc3 Nf6 3. g3 d5 4. cxd5 Nxd5 5. Bg2 Nb6 6. e3 Nc6 7. a3 Be6 8. Nge2 Be7 9. d4 exd4 10. Nxd4 Nxd4 11. exd4 c6 12. O-O O-O 13. Be3 Nd5 14. Qd2 Re8 15. Rad1 Qd7 16. Rfe1 Nxe3 17. Rxe3 Bb3 18. Rde1 Bf8 19. Rxe8 Rxe8 20. Rxe8 Qxe8 21. Qe3 Qxe3 22. fxe3 f5 23. Bh3 Bc2 24. Kf2 Kf7 25. Bg2 Kf6 26. Ke2 g6 27. d5 c5 28. Kd2 Bb3 29. Nb5 a6 30. Nc7 Ke5 31. Kc3 Ba2 32. Ne6 Be7 33. Nf4 g5 34. Nd3+ Kd6 35. b3 Bb1 36. a4 b5 37. axb5 axb5 38. h3 Bf6+ 39. Kd2 h5 40. Bf3 c4 41. bxc4 bxc4 42. Nb4 g4 43. hxg4 hxg4 44. Be2 Kc5 45. Na6+ Kxd5 46. Nc7+ Kc5 47. Ne6+ Kb4 48. Kc1 Be4 49. Kd2 Bc3+ 50. Kd1 Be5 51. Nf4 Kb3 52. Kc1 Bf3 53. Bf1 Bb2+ 0-1

[Event "Mercredi 2025.05.07 ABCD"]
[Site "Montreal CAN"]
[Date "2025.06.04"]
[Round "5"]
[White "Bain-Thouverez, Aurelien"]
[Black "Allaire, Denis"]
[Result "1-0"]
[WhiteElo "1757"]
[BlackElo "1815"]
[WhiteFideId "-1"]
[WhiteFideId "-1"]
[PlyCount "77"]
[GameId "2186575367503940"]
[EventDate "2025.05.07"]
[EventType "tourn"]
[EventRounds "5"]
[EventCountry "CAN"]

1. Nf3 Nf6 2. g3 c5 3. Bg2 Nc6 4. c4 d5 5. d4 cxd4 6. Nxd4 e5 7. Nxc6 bxc6 8. Bg5 Bb4+ 9. Kf1 O-O 10. cxd5 cxd5 11. Nc3 Bxc3 12. bxc3 Qa5 13. c4 Ne4 14. Bxe4 dxe4 15. Kg2 Qc7 16. Rc1 Bb7 17. c5 h6 18. Be3 Rad8 19. Qc2 f5 20. c6 Bc8 21. Qc4+ Rf7 22. Rhd1 Re8 23. Bd2 Be6 24. Qc5 f4 25. f3 exf3+ 26. exf3 fxg3 27. Ba5 Qc8 28. hxg3 Bh3+ 29. Kh2 Rxf3 30. c7 Qg4 31. Qd5+ Kh7 32. Be1 Bf1 33. Rd2 Qh3+ 34. Kg1 Rxg3+ 35. Bxg3 Qxg3+ 36. Kh1 Bh3 37. Qd3+ Qxd3 38. Rxd3 e4 39. Rd8 1-0

[Event "Mercredi 2025.05.07 ABCD"]
[Site "Montreal CAN"]
[Date "2025.06.04"]
[Round "5"]
[White "Barko, Maxim"]
[Black "Boudreau, Daniel"]
[Result "0-1"]
[WhiteElo "1929"]
[BlackElo "1890"]
[WhiteFideId "-1"]
[WhiteFideId "-1"]
[PlyCount "157"]
[GameId "2186575367503924"]
[EventDate "2025.05.07"]
[EventType "tourn"]
[EventRounds "5"]
[EventCountry "CAN"]

1. Nf3 d5 2. c4 e6 3. g3 Nf6 4. Bg2 Be7 5. O-O O-O 6. Qc2 d4 7. d3 c5 8. e3 Nc6 9. exd4 cxd4 10. a3 a5 11. Bg5 h6 12. Bxf6 Bxf6 13. Nbd2 Qc7 14. Rab1 Be7 15. Rfe1 a4 16. Re2 Ra5 17. b4 axb3 18. Nxb3 Rxa3 19. Nbxd4 Nxd4 20. Nxd4 Qd7 21. Nb3 Rd8 22. d4 Qa4 23. d5 Bf8 24. Nd4 Ra1 25. Ree1 Qxc2 26. Nxc2 Rxb1 27. Rxb1 exd5 28. Rd1 d4 29. Rxd4 Re8 30. Bf3 Bc5 31. Rd2 Bh3 32. Bg2 Bc8 33. h4 b6 34. Bc6 Rf8 35. Kg2 Ba6 36. Bd5 Re8 37. Na1 Kf8 38. Nb3 Bb4 39. Ra2 Bc8 40. Nd4 Bc5 41. Nb5 Be6 42. Nc7 Bxd5+ 43. cxd5 Rd8 44. Rd2 Ke7 45. Nb5 Kd7 46. Kf3 Ra8 47. h5 Ra5 48. Rb2 Ra1 49. g4 Be7 50. Kg3 Bf6 51. Rb3 Be5+ 52. Kh3 Ra2 53. Kg2 Rd2 54. Na3 Bd4 55. Rf3 f6 56. Nc4 Rc2 57. Na3 Rb2 58. Nc4 Rb4 59. Nd2 Kd6 60. Ne4+ Kxd5 61. Ng3 Bc5 62. Kh3 b5 63. Nf5 Bf8 64. Rd3+ Ke5 65. Rd8 Bc5 66. Kg3 Rb3+ 67. f3 b4 68. Nxg7 Be3 69. Re8+ Kd5 70. Nf5 Kc5 71. Rh8 Rc3 72. Nxh6 b3 73. Nf5 b2 74. Rb8 Bc1 75. h6 Rc4 76. g5 Bf4+ 77. Kf2 Bxb8 78. h7 Rc2+ 79. Ke3 0-1

[Event "Mercredi 2025.05.07 ABCD"]
[Site "Montreal CAN"]
[Date "2025.06.04"]
[Round "5"]
[White "Ghnatios, Ralph"]
[Black "Singher, Jean-Pierre"]
[Result "1-0"]
[WhiteElo "1953"]
[BlackElo "2021"]
[WhiteFideId "-1"]
[WhiteFideId "-1"]
[PlyCount "47"]
[GameId "2186575367503911"]
[EventDate "2025.05.07"]
[EventType "tourn"]
[EventRounds "5"]
[EventCountry "CAN"]

1. e4 c5 2. Nf3 Nc6 3. c3 Nf6 4. e5 Nd5 5. d4 cxd4 6. cxd4 d6 7. Bc4 e6 8. Qe2 dxe5 9. dxe5 Bb4+ 10. Nbd2 Na5 11. Bb5+ Bd7 12. O-O a6 13. Bxd7+ Qxd7 14. a3 Bxd2 15. Nxd2 Qb5 16. Qg4 O-O-O 17. Ne4 Nb3 18. Rb1 Nd4 19. Bg5 f5 20. exf6 gxf6 21. Nxf6 Nxf6 22. Bxf6 Rhg8 23. Rbc1+ Kb8 24. Qf4+ 1-0

[Event "Mercredi 2025.05.07 ABCD"]
[Site "Montreal CAN"]
[Date "2025.06.04"]
[Round "5"]
[White "Jacquet, Stephane"]
[Black "Batorshyn, Ilia"]
[Result "0-1"]
[WhiteElo "2071"]
[BlackElo "2332"]
[WhiteFideId "-1"]
[WhiteFideId "-1"]
[PlyCount "66"]
[GameId "2186575367434264"]
[EventDate "2025.05.07"]
[EventType "tourn"]
[EventRounds "5"]
[EventCountry "CAN"]

1. d4 Nf6 2. c4 g6 3. Nc3 Bg7 4. e4 d6 5. Be2 O-O 6. Be3 e5 7. d5 a5 8. h4 Na6 9. h5 Nc5 10. h6 Bh8 11. Qc2 Ng4 12. Bxg4 Bxg4 13. f3 Bd7 14. g4 c6 15. Rd1 cxd5 16. Nxd5 Rc8 17. Qd2 b5 18. Kf1 Be6 19. cxb5 Bxd5 20. Qxd5 Qd7 21. Ne2 Qxb5 22. a4 Qxb2 23. Kf2 Nxa4 24. Rb1 Qxe2+ 25. Kxe2 Nc3+ 26. Kd3 Nxd5 27. exd5 Rb8 28. Bb6 a4 29. Bc7 Rxb1 30. Rxb1 a3 31. Ke4 f5+ 32. gxf5 gxf5+ 33. Ke3 a2 0-1